000 00505nam a2200193Ia 4500
003 GCL
008 140319s9999 xx 000 0 ara d
040 _aGCL /
_cGCL
082 0 4 _a823.03
_bك ع
100 1 _aكاشبرت
245 1 0 _aالعلم والكشف عن الجريمة /
_cكاشبرت
700 1 _aس. ر
700 1 _aالفونس رياض
300 _a167
490 _aالالف كتاب
_v0
650 0 4 _aالادب الانجليزى
650 0 4 _aالقصص
942 _2ddc
_cBK
999 _c44170
_d44170